| 000 | 00445pab a2200145 454500 | ||
|---|---|---|---|
| 008 | 180718b xxu||||| |||| 00| 0 eng d | ||
| 100 | _aJain Ravindra K. | ||
| 245 | _aTamilian labour and Malayan plantation, 1840-1938 | ||
| 362 | _a28(43), 23 Oct 93, p.2363-70 | ||
| 650 | _a Labour -- Tamilians -- Malaysia | ||
| 650 | _a Labour -- Malaysia | ||
| 650 | _aMigratory Labour -- Malaysia | ||
| 773 | _aEconomic and Political Weekly | ||
| 909 | _a25551 | ||
| 999 |
_c25551 _d25551 |
||